Văn xuôi quốc ngữ giai đoạn cuối thế kỷ XIX, đầu thế kỷ XX trong quá trình hiện đại hóa văn học Việt Nam

Sparad:
Bibliografiska uppgifter
Huvudupphovsman: Nguyễn Phong Nam PGS.TS (Chủ nhiệm đề tài)
Materialtyp: Bok
Publicerad: 2008
Taggar: Lägg till en tagg
Inga taggar, Lägg till första taggen!
Thư viện lưu trữ: Mạng thư viện Đại học Đà Nẵng
LEADER 00769nam a2200229 4500
001 000020533
003 16979
005 20150323080314.0
008 150323s2008 sd
100 1 |a Nguyễn Phong Nam  |c PGS.TS  |e Chủ nhiệm đề tài 
245 1 0 |a Văn xuôi quốc ngữ giai đoạn cuối thế kỷ XIX, đầu thế kỷ XX trong quá trình hiện đại hóa văn học Việt Nam  |c Nguyễn Phong Nam 
260 |c 2008 
500 |a Đề tài NCKH cấp Bộ . Mã số : B2008-03-28 
OWN |a LSP 
999 |a From the UDN01 
TYP |a Mixed Materials 
TYP |a Monograph 
TYP |a Printed language 
980 |a Mạng thư viện Đại học Đà Nẵng